000 00250nam a22001097a 4500
008 170125b xxu||||| |||| 00| 0 eng d
020 _a9780397547289
041 _aeng
080 _a61
245 _aCHILD HEALTH CARE
_cCASTIGLIA, P.TH
942 _2udc
_cBK
999 _c3663
_d3663